00702 a2200145 4500003000500000005001700005020001500022040000900037082001600046245013500062260003000197300001300227505030100240600001500541Nust20221007181834.0 a0852968833 cNust a921.382,GHA aPrinciples of Performance EngineeringbTelecommunication and information systemscM.Ghanbari, C,J Hughes , M.C Sinclair, J.P Eade aUKbShort Run Pressc1997 ax,327,p; aIntroduction (Page-1), Analytical methods (Page-8), Simulation methods (Page-50), Queuing systems (Page-92), Queuing networks (Page-126), Switched systems (Page-152), Packet networks (Page-200), Introduction to reliability (Page-259), Miscellaneous examples of performance engineering (Page-302). aM.Ghanbari